000 01270nam a2200265 i 4500
001 bg
245 0 0 _aTechnika kolejowa w systemach logistycznych /
_cOtmar Krettek (red.), Jacek Grajnert (red.). ; [aut. Jacek Grajnert et al.] ; Politechnika Wrocławska. Wydział Mechaniczny. Instytut Konstrukcji i Eksploatacji Maszyn. Zakład Logistyki i Systemów Transportowych, Polskie Towarzystwo Logistyczne. Oddział Dolnośląski.
260 _aWrocław :
_bOficyna Wydawnicza PW,
_c2001.
300 _a124 s. :
_bil., mapy ;
_c24 cm.
490 1 _aNavigator,
_x1425-0993 ;
_v14
650 9 _aTransport kolejowy
_xorganizacja
_zEuropa
_yod 1989 r.
650 9 _aTransport kolejowy
_xorganizacja
_zPolska
_yod 1989 r.
650 9 _aTransport kombinowany
_xorganizacja
_zEuropa
_yod 1989 r
650 9 _aTransport kombinowany
_xorganizacja
_zPolska
_yod 1989 r
700 1 _aKRETTEK, Otmar.
_eRed.
700 1 _aGRAJNERT, Jacek.
_eRed.
710 0 _aPolitechnika Wrocławska
_bZakład Logistyki i Systemów Transportowych
710 0 _aPolskie Towarzystwo Logistyczne
_bOddział Dolnośląski (Wrocław)
830 _aNavigator,
_x1425-0993 ;
040 _cBPK
041 0 _apl
080 _a656.2.01(438+4)"1989/..."
942 _cKS
008 s pl f |000 0 pol
999 _c40612
_d40612
856 _uhttp://koha.tu.koszalin.pl/cgi-bin/koha/opac-detail.pl?biblionumber=40612
_yKatalog online BPK